[Event "Titled Tue 1st Jul Early"]
[Site "chess.com INT"]
[Date "2025.07.01"]
[Round "6"]
[White "Tikhonov, Viacheslav"]
[Black "Antoniou, Rafail"]
[Result "1-0"]
[WhiteTitle "CM"]
[BlackTitle "CM"]
[WhiteElo "2183"]
[BlackElo "2134"]
[WhiteFideId "44196407"]
[BlackFideId "5904390"]
[EventDate "2025.07.01"]

1. d4 c5 2. d5 e6 3. e4 exd5 4. exd5 d6 5. Nc3 Nf6 6. Be2 g6 7. Nf3 Bg7 8. O-O
O-O 9. h3 Re8 10. Bf4 a6 11. a4 b6 12. Nd2 Nbd7 13. Bxd6 Bb7 14. Bf3 Nf8 15. Nc4
N8d7 16. Qd3 h6 17. Rfe1 Kh7 18. h4 h5 19. Bf4 Rxe1+ 20. Rxe1 Nf8 21. Nd6 Qd7
22. Nxb7 Qxb7 23. d6 Qa7 24. Bxa8 Qxa8 25. Re7 Kg8 26. Be5 Qd8 27. Qc4 Ne6 28.
Rxe6 fxe6 29. Qxe6+ Kh7 30. g3 Ne8 31. Ne4 Bxe5 32. Qxe5 Qd7 33. Qxe8 1-0

[Event "Titled Tue 1st Jul Early"]
[Site "chess.com INT"]
[Date "2025.07.01"]
[Round "6"]
[White "Mafra, Kaiser Luiz"]
[Black "Khandhadia, Nivaan Rathin"]
[Result "1-0"]
[WhiteTitle "CM"]
[BlackTitle "CM"]
[WhiteElo "2043"]
[BlackElo "2112"]
[WhiteFideId "2106698"]
[BlackFideId "25753274"]
[EventDate "2025.07.01"]

1. e4 c5 2. d4 cxd4 3. c3 g6 4. cxd4 d5 5. e5 Nc6 6. Nc3 a6 7. h4 Bg7 8. h5 e6
9. Be3 Nge7 10. Bg5 h6 11. Bxe7 Qxe7 12. hxg6 fxg6 13. Nf3 b5 14. Bd3 Qf7 15.
Qc2 Nb4 16. Qb1 Nxd3+ 17. Qxd3 Qf5 18. Qe3 h5 19. Nh4 Qf7 20. Qg3 b4 21. Na4 Bd7
22. Nc5 Rh6 23. Rh3 Bf8 24. Qe3 Rh8 25. Rc1 Bxc5 26. Rxc5 Rc8 27. Rf3 Qg7 28.
Rxc8+ Bxc8 29. Rf6 g5 30. Rg6 Qc7 31. Qxg5 Rf8 32. Rf6 Rxf6 33. exf6 Qf7 34. Ng6
a5 35. Ne5 1-0

[Event "Titled Tue 1st Jul Early"]
[Site "chess.com INT"]
[Date "2025.07.01"]
[Round "6"]
[White "Khalafvand, Dorsa Sadat"]
[Black "Bashirov, Kemal"]
[Result "1-0"]
[WhiteTitle "WCM"]
[BlackTitle "FM"]
[WhiteElo "1985"]
[BlackElo "2305"]
[WhiteFideId "36767522"]
[BlackFideId "14183650"]
[EventDate "2025.07.01"]

1. c4 e6 2. Nc3 Bb4 3. d4 Nf6 4. Qc2 O-O 5. e4 d5 6. e5 Ne4 7. Bd3 c5 8. Nf3 Nc6
9. O-O Bxc3 10. bxc3 cxd4 11. cxd4 f5 12. exf6 Nxf6 13. Bg5 h6 14. Bh4 Nb4 15.
Qd2 Nxd3 16. Qxd3 dxc4 17. Qxc4 Qd5 18. Qc2 Bd7 19. Rfe1 Rac8 20. Qb2 Bc6 21.
Re5 Qd6 22. Rae1 Bd5 23. Bg3 Qd7 24. Nh4 Qf7 25. Qb1 Ng4 26. R5e2 Rfd8 27. h3
Nf6 28. Be5 Rc6 29. Ng6 Ne4 30. Rxe4 Qxg6 31. Rg4 Qxb1 32. Rxg7+ Kf8 33. Rxb1
Ra6 34. Re1 Rxa2 35. Re3 Ke8 36. Reg3 b5 37. Rh7 Kf8 38. Rgg7 Ra8 39. Rh8# 1-0

[Event "Titled Tue 1st Jul Early"]
[Site "chess.com INT"]
[Date "2025.07.01"]
[Round "6"]
[White "Miserendino, Alfredo"]
[Black "Grabinsky, Vladimir"]
[Result "1/2-1/2"]
[BlackTitle "IM"]
[WhiteElo "2032"]
[BlackElo "2192"]
[WhiteFideId "101800"]
[BlackFideId "14107074"]
[EventDate "2025.07.01"]

1. e4 c5 2. Nf3 Nc6 3. Bb5 e6 4. Bxc6 bxc6 5. e5 f6 6. exf6 Nxf6 7. O-O Be7 8.
d4 cxd4 9. Qxd4 O-O 10. c4 c5 11. Qd3 Bb7 12. Nc3 Rb8 13. Bf4 d6 14. Ng5 Qc8 15.
Qh3 e5 16. Qxc8 Rfxc8 17. Be3 Ng4 18. Bd2 Bxg5 19. Bxg5 h6 20. Be7 Rc6 21. Rad1
Kf7 22. Bxd6 Rd8 23. h3 Rcxd6 24. Rxd6 Rxd6 25. hxg4 Rd2 26. b3 Rc2 27. Nb5 Ke6
28. Rd1 Rxa2 29. Rd6+ Ke7 30. Rg6 Kf7 31. Rd6 Ke7 32. Rg6 Kf7 33. Rd6 Ke7 1/2-1/2

[Event "Titled Tue 1st Jul Early"]
[Site "chess.com INT"]
[Date "2025.07.01"]
[Round "6"]
[White "Belov, Alexei"]
[Black "Rogov, Matfey"]
[Result "1-0"]
[WhiteTitle "IM"]
[BlackTitle "FM"]
[WhiteElo "2421"]
[BlackElo "2348"]
[WhiteFideId "4128206"]
[BlackFideId "44191308"]
[EventDate "2025.07.01"]

1. e4 e5 2. Nf3 Nc6 3. Bb5 a6 4. Ba4 Nf6 5. d4 exd4 6. O-O Nxe4 7. Re1 d5 8.
Nxd4 Bd7 9. Bxc6 bxc6 10. f3 c5 11. Nb3 c4 12. N3d2 Bc5+ 13. Kh1 O-O 14. fxe4
Qh4 15. Nf3 Qg4 16. Qxd5 Bf2 17. Rf1 Bb6 18. Nc3 h6 19. Ne5 Qh4 20. Nxd7 Rad8
21. Bf4 Qg4 22. Rad1 Kh8 23. Qc6 Rfe8 24. h3 Qh5 25. Nd5 Ba7 26. Nxc7 Rc8 27.
Qd5 Qg6 28. Nxe8 Rxe8 29. Ne5 Qf6 30. Qxf7 1-0

[Event "Titled Tue 1st Jul Early"]
[Site "chess.com INT"]
[Date "2025.07.01"]
[Round "6"]
[White "Arakelyan, Manvel"]
[Black "Eswaran, Ashritha"]
[Result "0-1"]
[WhiteTitle "FM"]
[BlackTitle "FM"]
[WhiteElo "2326"]
[BlackElo "2236"]
[WhiteFideId "13317415"]
[BlackFideId "2080788"]
[EventDate "2025.07.01"]

1. e4 c5 2. Nf3 Nc6 3. Bb5 e6 4. O-O Nge7 5. Re1 Ng6 6. c3 d6 7. d4 cxd4 8. cxd4
d5 9. Nc3 Be7 10. e5 O-O 11. Bd3 Bd7 12. a3 f5 13. exf6 Bxf6 14. Bc2 Nce7 15.
Be3 Rc8 16. Qd2 Be8 17. Bg5 Bf7 18. Bxf6 gxf6 19. h4 Qd6 20. g3 Nh8 21. Qh6 Bg6
22. Bxg6 Nexg6 23. h5 Ne7 24. Re2 Nf5 25. Qd2 Nf7 26. Rae1 Rfe8 27. Kg2 Kh8 28.
Qd3 N7h6 29. Nh2 Re7 30. Nf1 Rg8 31. Kh1 Rg5 32. Qf3 Ng4 33. Rd1 Rxh5+ 34. Kg1
Rg5 35. Nh2 Reg7 36. Nxg4 Rxg4 37. Kh2 Nxg3 38. fxg3 Rxg3 0-1

[Event "Titled Tue 1st Jul Early"]
[Site "chess.com INT"]
[Date "2025.07.01"]
[Round "6"]
[White "Ryabukhin, Roman"]
[Black "Chan, Yi Ren Daniel"]
[Result "0-1"]
[WhiteTitle "CM"]
[BlackTitle "FM"]
[WhiteElo "2236"]
[BlackElo "2309"]
[WhiteFideId "24257893"]
[BlackFideId "5801583"]
[EventDate "2025.07.01"]

1. d4 Nf6 2. Nc3 d5 3. Bf4 c5 4. e4 dxe4 5. dxc5 Qa5 6. Qd4 Nc6 7. Bb5 Bg4 8. b4
Qxb5 9. Nxb5 Nxd4 10. Nxd4 O-O-O 11. Nb5 a6 12. Na7+ Kd7 13. f3 exf3 14. gxf3
Be6 15. O-O-O+ Ke8 16. Rxd8+ Kxd8 17. Ne2 Nd5 18. Rd1 Ke8 19. c4 Nxb4 20. Bc7 f6
21. Rd8+ Kf7 22. Ba5 Bxc4 23. Nd4 Nd3+ 24. Kc2 Nxc5 25. Kc3 Bxa2 26. Bb6 Na4+ 0-1

[Event "Titled Tue 1st Jul Early"]
[Site "chess.com INT"]
[Date "2025.07.01"]
[Round "6"]
[White "Perez Rojas, Jorge"]
[Black "Winkels, Marcel"]
[Result "1-0"]
[WhiteTitle "FM"]
[BlackTitle "CM"]
[WhiteElo "2100"]
[BlackElo "1905"]
[WhiteFideId "3452093"]
[BlackFideId "1003887"]
[EventDate "2025.07.01"]

1. e4 d6 2. d4 Nf6 3. Nc3 g6 4. f3 c6 5. Be3 b5 6. a3 Bb7 7. Nge2 Nbd7 8. g3 a6
9. Bg2 Bg7 10. O-O O-O 11. f4 e5 12. d5 cxd5 13. exd5 Re8 14. Qd3 Rc8 15. Rad1
Nc5 16. Qd2 e4 17. f5 Qd7 18. fxg6 hxg6 19. Nf4 Ng4 20. Bh3 f5 21. Bxg4 fxg4 22.
Nxg6 Na4 23. Nxa4 bxa4 24. c3 Qb5 25. Nf4 Be5 26. Rf2 Rf8 27. Qe2 Bxf4 28. Qxg4+
Kh7 29. Bxf4 e3 30. Qh5+ Kg8 31. Bxe3 Rxf2 32. Bxf2 Rf8 33. Bd4 1-0

[Event "Titled Tue 1st Jul Early"]
[Site "chess.com INT"]
[Date "2025.07.01"]
[Round "6"]
[White "Ebrahimi Herab, Hamidreza"]
[Black "Grot, Blazej"]
[Result "1/2-1/2"]
[WhiteTitle "FM"]
[BlackTitle "CM"]
[WhiteElo "2404"]
[BlackElo "2207"]
[WhiteFideId "22512888"]
[BlackFideId "21835845"]
[EventDate "2025.07.01"]

1. d4 Nf6 2. c4 e6 3. Nc3 d5 4. cxd5 exd5 5. Bg5 c6 6. Qc2 h6 7. Bxf6 Qxf6 8.
Nxd5 Qxd4 9. Rd1 Bb4+ 10. Nc3 Bxc3+ 11. bxc3 Qf6 12. e3 Bf5 13. Qb2 O-O 14. Nf3
b6 15. Bd3 Bg4 16. Be2 c5 17. O-O Nc6 18. Rd2 Rad8 19. Rfd1 Rxd2 20. Rxd2 Rd8
21. h3 Bxf3 22. Bxf3 Ne5 23. Be2 Rd6 24. c4 Qd8 25. Rxd6 Qxd6 26. Qc3 g6 27. f4
Nd7 28. Bf3 Nf6 29. g3 h5 30. e4 Qd4+ 31. Qxd4 cxd4 32. Kf2 Nd7 33. e5 Nc5 34.
Bd5 Kf8 35. g4 hxg4 36. hxg4 Ke7 37. f5 gxf5 38. gxf5 Nd3+ 39. Kf3 Nxe5+ 40. Ke4
Nd7 41. Kxd4 Kf6 42. Be4 Nc5 43. Bc2 Nd7 44. Kd5 Ne5 45. Be4 Ng4 46. Kc6 Ne5+
47. Kb5 Ke7 48. Bd5 Kd6 49. Ka6 f6 50. Kxa7 Kc5 51. Be6 Nc6+ 52. Kb7 Nb4 53. Kc7
Nxa2 54. Kd7 Nc3 55. Ke7 Ne4 56. Bd5 Ng3 57. Kxf6 Nxf5 58. Kxf5 b5 59. cxb5 Kxb5 1/2-1/2

[Event "Titled Tue 1st Jul Early"]
[Site "chess.com INT"]
[Date "2025.07.01"]
[Round "6"]
[White "Mayaud, Raphael"]
[Black "Leinov, Roman"]
[Result "0-1"]
[WhiteTitle "CM"]
[BlackTitle "CM"]
[WhiteElo "2126"]
[BlackElo "2120"]
[WhiteFideId "627151"]
[BlackFideId "13504649"]
[EventDate "2025.07.01"]

1. c4 Nf6 2. Nf3 e6 3. g3 d5 4. d4 c6 5. Bg2 Bb4+ 6. Bd2 Be7 7. Qc2 O-O 8. O-O
Ne4 9. Bf4 f5 10. Nbd2 Nd7 11. Ne5 g5 12. Nxd7 Bxd7 13. Be5 Be8 14. Nxe4 fxe4
15. f3 Bg6 16. fxe4 Qd7 17. Rxf8+ Rxf8 18. Rf1 Rxf1+ 19. Kxf1 h6 20. e3 a6 21.
c5 Bd8 22. b4 Qh7 23. Bh3 Qf7+ 24. Kg1 Bxe4 25. Qf2 Qxf2+ 26. Kxf2 Kf7 27. Bg4
Bg6 28. Be2 Bf6 29. Bxf6 Kxf6 30. a4 Be8 31. Bg4 Bg6 32. Ke2 Bc2 33. a5 Ba4 34.
Bh5 Ke7 35. h4 gxh4 36. gxh4 Bc2 37. Kf3 Bd1+ 38. Kf4 Bxh5 0-1

[Event "Titled Tue 1st Jul Early"]
[Site "chess.com INT"]
[Date "2025.07.01"]
[Round "6"]
[White "Dilmukhametov, Artur"]
[Black "McDonald, Jhustice-Dimonte"]
[Result "0-1"]
[WhiteTitle "FM"]
[BlackTitle "CM"]
[WhiteElo "2276"]
[BlackElo "2041"]
[WhiteFideId "24179922"]
[BlackFideId "7402481"]
[EventDate "2025.07.01"]

1. e4 b6 2. d4 Bb7 3. Bd3 g6 4. Be3 Bg7 5. c3 e6 6. Nd2 Ne7 7. Ne2 O-O 8. f3 d5
9. e5 Nd7 10. O-O c5 11. f4 Nf5 12. Bxf5 exf5 13. Ng3 Rc8 14. Nf3 Re8 15. Qd3
Nf8 16. Ng5 h6 17. Nf3 Ne6 18. Rad1 Qd7 19. b3 c4 20. bxc4 dxc4 21. Qd2 Nc7 22.
Qc2 Nd5 23. Qc1 b5 24. Ne1 a5 25. Nc2 b4 26. cxb4 axb4 27. Qb2 Qa4 28. a3 b3 29.
Nb4 Nxe3 30. d5 Nxf1 31. Nxf1 c3 32. Qc1 b2 33. Qe3 Qxa3 34. d6 Qxb4 35. d7 c2
36. dxe8=Q+ Rxe8 0-1

[Event "Titled Tue 1st Jul Early"]
[Site "chess.com INT"]
[Date "2025.07.01"]
[Round "6"]
[White "Redor, Menandro"]
[Black "Carrasco Miranda, Andres"]
[Result "1-0"]
[BlackTitle "CM"]
[WhiteElo "2021"]
[BlackElo "2226"]
[WhiteFideId "5222010"]
[BlackFideId "3405990"]
[EventDate "2025.07.01"]

1. e4 e5 2. f4 d5 3. exd5 exf4 4. Nc3 Nf6 5. Nf3 Nxd5 6. Bc4 Nxc3 7. bxc3 Bd6 8.
O-O O-O 9. d4 Bg4 10. Bd3 Bh5 11. Qe1 Re8 12. Ne5 f3 13. gxf3 Nd7 14. f4 f6 15.
Qh4 fxe5 16. Qxh5 Nf6 17. Qf5 e4 18. Bc4+ Kh8 19. Be3 Qc8 20. Qxc8 Raxc8 21.
Rae1 c6 22. f5 b5 23. Be6 Rc7 24. Bg5 Nd5 25. Rxe4 Nxc3 26. Rh4 Nd5 27. Rf3 Be7
28. Rxh7+ 1-0

[Event "Titled Tue 1st Jul Early"]
[Site "chess.com INT"]
[Date "2025.07.01"]
[Round "6"]
[White "Priansh, Das"]
[Black "Jiganchine, Roman"]
[Result "1-0"]
[WhiteTitle "FM"]
[BlackTitle "CM"]
[WhiteElo "2305"]
[BlackElo "2205"]
[WhiteFideId "45029946"]
[BlackFideId "2603667"]
[EventDate "2025.07.01"]

1. e4 e5 2. Nf3 Nc6 3. Bc4 Nf6 4. d3 d5 5. exd5 Nxd5 6. O-O Be7 7. Re1 f6 8. Nc3
Be6 9. Bb3 Nxc3 10. bxc3 Qd7 11. d4 O-O-O 12. Bb2 Bd5 13. Qe2 Rhe8 14. Bxd5 Qxd5
15. c4 Qa5 16. d5 Nb4 17. Bc3 Qa4 18. Rec1 a5 19. a3 Na6 20. Nd2 Qd7 21. Rcb1
Bc5 22. Ne4 b6 23. Qd2 Qf5 24. Re1 Rd7 25. Bxa5 Kb7 26. Bb4 Ka7 27. Bxc5 bxc5
28. Rab1 Rb8 29. Rxb8 Kxb8 30. Qa5 1-0

[Event "Titled Tue 1st Jul Early"]
[Site "chess.com INT"]
[Date "2025.07.01"]
[Round "6"]
[White "Skarbarchuk, Tetyana"]
[Black "Rivera Huerta, Alberto"]
[Result "1-0"]
[BlackTitle "CM"]
[WhiteElo "2096"]
[BlackElo "1994"]
[WhiteFideId "14184494"]
[BlackFideId "5106052"]
[EventDate "2025.07.01"]

1. Nf3 Nf6 2. b3 g6 3. Bb2 Bg7 4. e3 O-O 5. d4 d6 6. c4 c5 7. Be2 Nc6 8. O-O Ne4
9. Nbd2 Bf5 10. Nxe4 Bxe4 11. Qd2 a5 12. h4 a4 13. d5 Bxb2 14. Qxb2 a3 15. Qc3
Bxf3 16. Bxf3 Ne5 17. Be2 f5 18. f4 Nd7 19. h5 Qe8 20. h6 Rf7 21. g4 fxg4 22.
Bxg4 Rf6 23. Be6+ Kh8 24. Kg2 Nf8 25. f5 g5 26. Rh1 b6 27. e4 Nd7 28. Bxd7 Qxd7
29. Rh5 Rg8 30. Qg3 Qd8 31. Rah1 Qf8 32. Rxg5 1-0

[Event "Titled Tue 1st Jul Early"]
[Site "chess.com INT"]
[Date "2025.07.01"]
[Round "6"]
[White "Zepeda Berlanga, Jan Enrique"]
[Black "Jimenez Salas, Maria Teresa"]
[Result "0-1"]
[WhiteTitle "CM"]
[BlackTitle "WIM"]
[WhiteElo "2011"]
[BlackElo "2249"]
[WhiteFideId "5132355"]
[BlackFideId "3843866"]
[EventDate "2025.07.01"]

1. e4 c5 2. Nf3 d6 3. d4 cxd4 4. Nxd4 Nf6 5. Nc3 Nc6 6. Bg5 e6 7. Qd2 Be7 8.
O-O-O a6 9. f4 Bd7 10. Nf3 b5 11. e5 dxe5 12. fxe5 Ng4 13. Bxe7 Qxe7 14. Ne4
Ngxe5 15. Nd6+ Kf8 16. Be2 Rd8 17. Nxe5 Nxe5 18. Qf4 Ng6 19. Qg3 Qh4 20. Qxh4
Nxh4 21. Nb7 Ke7 22. Nxd8 Rxd8 23. g3 Nf5 24. Bf3 Rc8 25. Rd2 Rc7 26. Re1 b4 27.
Be4 Nd6 28. h4 h6 29. Bd3 a5 30. g4 a4 31. Kb1 Rc5 32. Rf2 Bc6 33. Rf4 b3 34.
axb3 axb3 35. cxb3 Bd5 36. b4 Rc7 37. g5 hxg5 38. hxg5 g6 39. Rd4 Bb3 40. Be4
Nxe4 41. Rdxe4 Bc2+ 42. Ka1 Ra7# 0-1

[Event "Titled Tue 1st Jul Early"]
[Site "chess.com INT"]
[Date "2025.07.01"]
[Round "6"]
[White "Sabatier, Mathis"]
[Black "Milare, Tyron"]
[Result "0-1"]
[WhiteTitle "CM"]
[BlackTitle "FM"]
[WhiteElo "2235"]
[BlackElo "2217"]
[WhiteFideId "26029685"]
[BlackFideId "12987018"]
[EventDate "2025.07.01"]

1. d4 d5 2. c4 c6 3. Nc3 Nf6 4. cxd5 cxd5 5. Bg5 g6 6. Bxf6 exf6 7. g3 Bg7 8.
Bg2 Be6 9. Nh3 g5 10. O-O Nc6 11. f4 Qb6 12. e3 Qxb2 13. Nxd5 O-O-O 14. Rb1 Qxa2
15. Nb4 Qa3 16. Nxc6 Qxe3+ 17. Kh1 bxc6 18. Qa4 Kd7 19. Qxc6+ Ke7 20. Qc5+ Rd6
21. Rfe1 Qxd4 22. Rb7+ Kf8 23. Rb8+ Ke7 24. Qxd4 Rxd4 25. Rxh8 Bxh8 26. f5 Kd6
27. fxe6 fxe6 28. Nf2 f5 29. Ra1 Rd2 30. Nd1 Bxa1 31. Ne3 Re2 32. Nc4+ Kc5 33.
Bf1 Re1 0-1

[Event "Titled Tue 1st Jul Early"]
[Site "chess.com INT"]
[Date "2025.07.01"]
[Round "6"]
[White "Mayta Aiza, Maveric"]
[Black "Palczert, Matyas"]
[Result "0-1"]
[WhiteTitle "CM"]
[BlackTitle "FM"]
[WhiteElo "2180"]
[BlackElo "2396"]
[WhiteFideId "3307336"]
[BlackFideId "784958"]
[EventDate "2025.07.01"]

1. e4 e5 2. Nf3 Nc6 3. Bb5 Nge7 4. O-O Ng6 5. c3 d5 6. exd5 Qxd5 7. c4 Qd8 8. d4
a6 9. Bxc6+ bxc6 10. dxe5 Qxd1 11. Rxd1 Bg4 12. Re1 O-O-O 13. Bg5 Rd3 14. Nbd2
h6 15. Be3 Be7 16. h3 Be6 17. Rac1 Rhd8 18. Nb3 Bb4 19. Rf1 Bf5 20. Bc5 Rxb3 21.
axb3 Bxc5 22. Rfe1 Rd3 23. Rc3 Nf4 24. Nh4 Bh7 25. Rxd3 Nxd3 26. Re2 Nc1 27. Re1
Nxb3 28. g4 Nd2 29. Kg2 Nxc4 30. f4 Nxb2 31. f5 Nd3 32. Ra1 Nxe5 33. Rxa6 Kb7
34. Ra2 f6 35. Rb2+ Bb6 36. Nf3 Nxf3 37. Kxf3 Bg8 38. Re2 Bd5+ 39. Kg3 Bc5 40.
Kh4 Bd6 41. Rb2+ Kc8 42. Kh5 Bf7+ 43. Kh4 c5 44. Rc2 c4 45. Rc3 Be5 46. Rc1 c3
47. Rc2 Bb3 48. Rc1 c2 49. Kh5 Bf4 50. Rxc2 Bxc2 51. Kg6 c5 52. Kxg7 c4 53. Kxf6
Bd3 54. Kg6 c3 55. h4 c2 56. g5 hxg5 57. h5 c1=Q 58. h6 Qc6+ 59. Kh5 Be2# 0-1

[Event "Titled Tue 1st Jul Early"]
[Site "chess.com INT"]
[Date "2025.07.01"]
[Round "6"]
[White "Csonka, Balazs"]
[Black "Caprio, Guido"]
[Result "0-1"]
[WhiteTitle "IM"]
[BlackTitle "IM"]
[WhiteElo "2467"]
[BlackElo "2435"]
[WhiteFideId "742910"]
[BlackFideId "834580"]
[EventDate "2025.07.01"]

1. e4 Nc6 2. Nf3 e5 3. Bc4 Nf6 4. d3 Bc5 5. O-O O-O 6. c3 d5 7. exd5 Nxd5 8. Re1
h6 9. Nxe5 Nxe5 10. Rxe5 Bxf2+ 11. Kxf2 Qf6+ 12. Qf3 Qxe5 13. Bxd5 Be6 14. Bxb7
Rab8 15. Nd2 Qxh2 16. Nf1 Qd6 17. d4 c5 18. Bf4 Qb6 19. Bxb8 Rxb8 20. b4 cxd4
21. Be4 dxc3+ 22. Qe3 Qxb4 23. Rc1 Rc8 24. Rc2 Rc4 25. Bf3 Bf5 26. Rc1 c2 27.
Nd2 Rc3 28. Qe5 Qb2 29. Ne4 Rxf3+ 0-1

[Event "Titled Tue 1st Jul Early"]
[Site "chess.com INT"]
[Date "2025.07.01"]
[Round "6"]
[White "King, Alexander"]
[Black "Zozek Salah Mohammed"]
[Result "1-0"]
[WhiteTitle "FM"]
[BlackTitle "FM"]
[WhiteElo "2263"]
[BlackElo "2205"]
[WhiteFideId "2063620"]
[BlackFideId "4803361"]
[EventDate "2025.07.01"]

1. g3 d5 2. Bg2 c6 3. c4 Nf6 4. Nf3 Bf5 5. Qb3 Qb6 6. d3 e6 7. Be3 Qxb3 8. axb3
a6 9. Bd4 Nbd7 10. Bc3 Bd6 11. Nh4 Bg4 12. h3 Bh5 13. g4 Bg6 14. Nd2 Ke7 15. b4
Ne5 16. f4 Nexg4 17. hxg4 Nxg4 18. Bxg7 Rhg8 19. Nxg6+ hxg6 20. Bd4 Bxb4 21. Bf3
Nf6 22. Kd1 Bd6 23. e3 Nd7 24. Kc2 c5 25. Bc3 d4 26. exd4 cxd4 27. Bxd4 Bxf4 28.
Bxb7 Rab8 29. Bxa6 e5 30. Bc3 Nc5 31. Bb5 Ke6 32. Ne4 Nxe4 33. dxe4 Rh8 34. Ra6+
Ke7 35. Bb4+ Kd8 36. Rxh8+ 1-0

[Event "Titled Tue 1st Jul Early"]
[Site "chess.com INT"]
[Date "2025.07.01"]
[Round "6"]
[White "Moldagali, Beksultan"]
[Black "Hamedi Nia, Vesal"]
[Result "1-0"]
[WhiteTitle "FM"]
[BlackTitle "WIM"]
[WhiteElo "2397"]
[BlackElo "2010"]
[WhiteFideId "13734768"]
[BlackFideId "12542253"]
[EventDate "2025.07.01"]

1. e4 c5 2. Nc3 Nc6 3. g3 Nf6 4. Bg2 e6 5. Nge2 Be7 6. O-O O-O 7. d4 cxd4 8.
Nxd4 d5 9. exd5 exd5 10. h3 Re8 11. Be3 Bb4 12. Nce2 Be6 13. c3 Ba5 14. Nf4 Bc7
15. Re1 Rc8 16. a4 a6 17. Nfxe6 fxe6 18. Bg5 Ne5 19. f4 Nf7 20. Nxe6 Bb6+ 21.
Kh2 Qd6 22. Bxf6 Rxe6 23. Qg4 Rxf6 24. Qxc8+ Nd8 25. Rad1 d4 26. Re8+ Kf7 27.
Rde1 d3 28. Bd5+ Qxd5 29. R1e7+ Kg6 30. Qg4+ Kh6 31. Qxg7+ Kh5 32. Re5+ Qxe5 33.
Rxe5+ 1-0

[Event "Titled Tue 1st Jul Early"]
[Site "chess.com INT"]
[Date "2025.07.01"]
[Round "6"]
[White "Cunha, Lucas Aguiar"]
[Black "Zaw, Ye Htut"]
[Result "1-0"]
[WhiteTitle "FM"]
[BlackTitle "CM"]
[WhiteElo "2254"]
[BlackElo "2074"]
[WhiteFideId "2125404"]
[BlackFideId "13013955"]
[EventDate "2025.07.01"]

1. e4 d5 2. exd5 Qxd5 3. Nc3 Qa5 4. d4 Nf6 5. Nf3 Nc6 6. Bb5 Nd5 7. Bxc6+ bxc6
8. O-O Nxc3 9. bxc3 Qxc3 10. Bd2 Qc4 11. h3 Bf5 12. c3 f6 13. Re1 Kf7 14. Bf4
Rc8 15. Re3 e6 16. Nh4 Bg6 17. Nxg6 hxg6 18. Rb1 Be7 19. Rb7 e5 20. Bg3 Rhd8 21.
Qf3 exd4 22. cxd4 Qxd4 23. Qxc6 Qd5 24. Qa6 Bd6 25. Rd3 Qxb7 26. Qxb7 Bxg3 27.
Rxd8 Rxd8 28. fxg3 Rd1+ 29. Kh2 Rd7 30. Qxa7 1-0

[Event "Titled Tue 1st Jul Early"]
[Site "chess.com INT"]
[Date "2025.07.01"]
[Round "6"]
[White "Arya G Mallar"]
[Black "Jakovljevic, Dejan"]
[Result "1-0"]
[WhiteTitle "WCM"]
[BlackTitle "CM"]
[WhiteElo "2000"]
[BlackElo "1956"]
[WhiteFideId "25115324"]
[BlackFideId "949418"]
[EventDate "2025.07.01"]

1. d4 Nf6 2. c4 e5 3. dxe5 Ng4 4. e3 Nxe5 5. f4 Nec6 6. Nf3 Bc5 7. Bd3 O-O 8.
Ng5 h6 9. Qh5 Nb4 10. Bh7+ Kh8 11. Bf5 Qf6 12. Be4 d5 13. cxd5 Bf5 14. Nc3 Nd3+
15. Kd2 Nf2 16. Rf1 Ng4 17. Ke2 Re8 18. Nxf7+ Kg8 19. Bxf5 Nxe3 20. Nxh6+ Qxh6
21. Qxe8+ Bf8 22. Bxe3 Na6 23. Qxa8 1-0

[Event "Titled Tue 1st Jul Early"]
[Site "chess.com INT"]
[Date "2025.07.01"]
[Round "6"]
[White "Ismagilov, Damir"]
[Black "Soza de la Carrera, Jose"]
[Result "1-0"]
[WhiteTitle "CM"]
[BlackTitle "CM"]
[WhiteElo "2173"]
[BlackElo "2221"]
[WhiteFideId "34199982"]
[BlackFideId "3401278"]
[EventDate "2025.07.01"]

1. d4 f5 2. c4 Nf6 3. Nc3 d6 4. Nf3 g6 5. e3 Bg7 6. b4 c6 7. Bb2 a5 8. b5 a4 9.
Nxa4 Qa5+ 10. Nc3 Ne4 11. Qb3 Be6 12. Bd3 cxb5 13. Qxb5+ Nd7 14. Bxe4 fxe4 15.
Ng5 Bg8 16. Nxe4 Qxb5 17. cxb5 Bc4 18. a4 Nb6 19. a5 Nd5 20. Ra4 Nxc3 21. Nxc3
d5 22. Kd2 Kd7 23. Rha1 e5 24. dxe5 Bxe5 25. f4 Bg7 26. Rb4 Rhc8 27. Na4 Bxb2
28. Rxb2 Rxa5 29. Nb6+ Kc7 30. Nxd5+ Bxd5 31. Rxa5 Kb6 32. Ra4 Bxg2 33. e4 Rd8+
34. Ke3 Bh3 35. Rd4 Rc8 36. Rd6+ Ka5 37. b6 Rc3+ 38. Rd3 Rxd3+ 39. Kxd3 Bf1+ 40.
Kd4 Bb5 41. Kc5 Bc6 42. Ra2+ Ba4 43. e5 h5 44. e6 g5 45. e7 gxf4 46. e8=Q 1-0

[Event "Titled Tue 1st Jul Early"]
[Site "chess.com INT"]
[Date "2025.07.01"]
[Round "6"]
[White "Dyachuk, Artem"]
[Black "Materia, Marco"]
[Result "0-1"]
[WhiteTitle "FM"]
[BlackTitle "IM"]
[WhiteElo "2305"]
[BlackElo "2493"]
[WhiteFideId "34107924"]
[BlackFideId "45150451"]
[EventDate "2025.07.01"]

1. Nf3 Nf6 2. c4 c5 3. g3 Nc6 4. Bg2 d5 5. cxd5 Nxd5 6. Nc3 Nc7 7. d3 e5 8. O-O
Be7 9. Be3 O-O 10. Nd2 Nd4 11. f4 exf4 12. gxf4 Re8 13. Bf2 Bh4 14. Nce4 Nce6
15. Bxh4 Qxh4 16. e3 Nf5 17. Nf3 Qe7 18. Qd2 Bd7 19. Ng3 Nd8 20. Ne5 Nxg3 21.
hxg3 Rc8 22. a3 Bc6 23. Rae1 Bxg2 24. Qxg2 Nc6 25. Nc4 Rcd8 26. Qc2 Qd7 27. Rd1
b5 28. Ne5 Nxe5 29. fxe5 Rxe5 30. d4 Rxe3 31. dxc5 Rxg3+ 32. Kf2 Rd3 33. Rxd3
Qxd3 34. Qxd3 Rxd3 35. Rc1 Kf8 36. c6 Rd8 37. Ke3 Ke7 38. Ke4 Kd6 39. Rf1 Re8+
40. Kd4 Re7 41. Rc1 f5 42. Rc5 Re4+ 43. Kd3 Kxc5 0-1